Sborník prírodovedeckého klubu v Košiciach

Bibliographic Details
Format: Serial
Language:Slovak
Czech
PhysicalDescription:3 zv. 26 x 18 cm
Published: Košice Prírodovedecký klub 1933,1935,1937
Subjects:

MARC

LEADER 00000cas a2200000 a 4500
001 vtls001303126
003 SK-MaSNL
005 20260228163704.0
008 240125d19321937xo r 0 0 0slo
035 |a SNK000255254 
040 |a SNK  |b slo  |c SNK  |e AACR2 
041 0 |a slo  |a cze  |b fre  |b ger 
044 |a xo  |c SK 
072 7 |a 5  |x Prírodné vedy. Matematické vedy  |2 konspekt 
080 |a 5  |2 2011 
080 |a (082)  |2 2011 
080 |a 050  |2 2011 
245 0 0 |a Sborník prírodovedeckého klubu v Košiciach 
260 |a Košice  |b Prírodovedecký klub  |c 1933,1935,1937  |f Štátna kníhtlačiareň 
300 |a 3 zv.  |c 26 x 18 cm 
310 |a Nepravidelne 
362 0 |a Roč. 1 (1932)-roč. 3 (1935/1937)  |z SKP 
500 |a Roč. 3/1935/37 bol uverejnený na počesť 75. narodenín prof. Františka Malocha v Plzni, čestného člena Prírodovedckého klubu v Košiciach 
500 |a K dvom štúdiam 2. zväzku dvojročníka 1933-1934 resumé v jazyku francúzskom a nemeckom 
650 0 7 |a prírodné vedy  |2 SNKPH  |9 694 
655 7 |a zborníky  |2 SNKPH  |9 70165 
910 |a snk 
999 |c 10296  |d 12226 
952 |0 0  |1 0  |4 0  |7 0  |8 1  |a SNK  |b SNK  |d 1997-09-23  |i snkD 1032/64  |l 0  |o snkČSB 853/1/1932 D1  |p 17A0093976  |r 2005-01-02 00:00:00  |w 2026-02-21  |y PREZ 
952 |0 0  |1 0  |4 0  |7 0  |a SNK  |b SNK  |d 1997-09-23  |l 0  |o snkČSB 853/1/1932  |p 17A0093517  |r 2005-01-02 00:00:00  |w 2026-02-21  |y PREZ 
952 |0 0  |1 0  |4 0  |7 0  |a SNK  |b SNK  |d 1997-09-22  |l 0  |o snkČSB 853/3/1935-1937  |p 17A0093511  |r 2005-01-02 00:00:00  |w 2026-02-21  |y PREZ 
952 |0 0  |1 0  |4 0  |7 0  |8 3  |a SNK  |b SNK  |d 2016-01-19  |i snkK 1225/75  |l 0  |o snkČSB 853/3/1935-1937 D1  |p 17A1149337  |r 2026-02-21 21:53:27  |w 2026-02-21  |y PREZ